000 00456 a2200181 4500
001 130023
022 _a1679-656X
040 _cLeonardo Da Vinci
041 _aInglês
082 _aAOL 2010
_b2010
245 _aAn open letter to america on schools students and tomorrow
260 _bNea
300 _a32
362 _a20100318
490 _aAn open letter to america on schools students and tomorrow
697 _aEscola
_aGhemat
942 _cCR
999 _c130023
_d130023